00461nam a22001457a 4500082003100000100001700031245005300048260002400101300001100125526003700136650001300173942001200186999001900198952009800217 a624.1762bLUZcL-39, P-192 aEEFIT942978 aThe luzon, Philippines earthquake of 1990cEEFIT aLondonbEEFITc1991 a103.p: a0b0c0d624_176200000000000_LUZ aMCE9379 2ddccBK c546788d546788 00102ddc4070aMCEbMCEd2014-06-18l0o624.1762 LUZpMCE-43543r2014-06-18w2014-06-18yBK